| 000 | 01539cam a22004217a 4500 | ||
|---|---|---|---|
| 001 | 000094985 | ||
| 003 | CHAP | ||
| 005 | 20220329143051.0 | ||
| 008 | 051129d2005 mx r 00110 spa d | ||
| 010 | _a91451 | ||
| 011 | _a92423 | ||
| 035 | _a102987 | ||
| 040 | _cCHAP | ||
| 090 | _aTesis | ||
| 100 | 0 | 0 |
_aGonzález Bonilla, Christopher. _948730 |
| 245 | 1 | 0 |
_aControl de malezas en maíz (Zea mays L.) en postemergencia tardía en Chapingo, México / _c/por Christopher González Bonilla. |
| 260 |
_aChapingo, Méx. : _bEl autor, _c2005. |
||
| 300 | _a54 h. | ||
| 502 | _aTesis (Ing. Agr. Esp. en Parasitología Agrícola) - - UACH. Departamento de Parasitología Agrícola | ||
| 590 |
_aALEPH _b10 _c20130110 _lUCH01 _h1508 |
||
| 590 |
_aBATCH-UPD _b10 _c20130110 _lUCH01 _h0825 |
||
| 590 |
_aBATCH-UPD _b10 _c20130410 _lUCH01 _h0503 |
||
| 590 |
_aBATCH-UPD _b10 _c20130914 _lUCH01 _h1756 |
||
| 590 |
_aBATCH-UPD _b10 _c20140324 _lUCH01 _h1453 |
||
| 590 |
_aBATCH-UPD _b10 _c20141002 _lUCH01 _h0827 |
||
| 590 |
_aCONVERSION _b10 _c20130109 _lUCH01 _h1351 |
||
| 590 |
_aE792CSJ _b10 _c20130618 _lUCH01 _h0856 |
||
| 650 | 1 | 4 |
_aMaíz _xMalas hierbas _xControl. _971003 |
| 650 | 1 | 4 |
_aMaíz _xRendimiento. _971051 |
| 650 | 1 | 4 |
_aMaíz _zMéxico (Edo.). _971099 |
| 856 |
_3Finding aid _uhttp://10.13.5.2/tesis/102987.pdf _zTeclea aquí |
||
| 901 | _aBK | ||
| 905 | _aLilia | ||
| 942 | _cCD | ||
| 942 | _n0 | ||
| 949 |
_aTesis _bBC _cTES _d33724000969895 _eTS1 _h44394 _i102987 _sb |
||
| 949 |
_aTesis _bBC _cTES _d33724000970547 _eTS2 _fc.2 _h44395 _i102987 _si |
||
| 999 |
_c91451 _d91451 |
||